|
|
|
|
| LEADER |
01326nam a2200385Ia 4500 |
| 001 |
EBC688665 |
| 003 |
MiAaPQ |
| 005 |
20200520144314.0 |
| 006 |
m o d | |
| 007 |
cr cn||||||||| |
| 008 |
110106s2011 enka s 001 0 eng d |
| 010 |
|
|
|z 2010053763
|
| 020 |
|
|
|z 9780566091834
|
| 020 |
|
|
|z 9781409428916
|
| 035 |
|
|
|a (MiAaPQ)EBC688665
|
| 035 |
|
|
|a (Au-PeEL)EBL688665
|
| 035 |
|
|
|a (CaPaEBR)ebr10466696
|
| 035 |
|
|
|a (CaONFJC)MIL311563
|
| 035 |
|
|
|a (OCoLC)729166606
|
| 040 |
|
|
|a MiAaPQ
|c MiAaPQ
|d MiAaPQ
|
| 050 |
|
4 |
|a HD61
|b .T38 2011
|
| 082 |
0 |
4 |
|a 658.15/5
|2 22
|
| 100 |
1 |
|
|a Tattam, David.
|
| 245 |
1 |
2 |
|a A short guide to operational risk
|h [electronic resource] /
|c David Tattam.
|
| 260 |
|
|
|a Farnham, England ;
|a Burlington, VT :
|b Gower,
|c 2011.
|
| 300 |
|
|
|a xxii, 232 p. :
|b ill.
|
| 490 |
1 |
|
|a Short guides to business risk
|
| 500 |
|
|
|a Includes index.
|
| 533 |
|
|
|a Electronic reproduction. Ann Arbor, MI : ProQuest, 2015. Available via World Wide Web. Access may be limited to ProQuest affiliated libraries.
|
| 650 |
|
0 |
|a Risk management.
|
| 650 |
|
0 |
|a Operational risk.
|
| 655 |
|
4 |
|a Electronic books.
|
| 710 |
2 |
|
|a ProQuest (Firm)
|
| 830 |
|
0 |
|a Short guides to business risk series.
|
| 856 |
4 |
0 |
|u https://ebookcentral.proquest.com/lib/matrademy/detail.action?docID=688665
|z Click to View
|